Thinking out loud - Ed Sheeran - ALL LYRICS - Statistics

General Stats
  • This quiz has been taken 118 times
  • The average score is 265 of 315
Answer Stats
Answer % Correct
you
100%
be
99%
I
99%
the
99%
a
97%
we
97%
love
96%
me
96%
my
96%
of
96%
your
96%
in
95%
to
95%
where
95%
dont
94%
heart
94%
loving
94%
When
94%
Will
94%
will
94%
And
92%
and
92%
baby
92%
Baby
92%
before
91%
like
91%
used
91%
we're
91%
darling
90%
fall
90%
thinking
90%
'til
90%
work
90%
hand
88%
legs
88%
out
88%
they
88%
way
88%
70
87%
Kiss
87%
under
87%
can
86%
I'm
86%
i'm
86%
still
86%
thousand
86%
are
85%
arms
85%
feet
85%
found
85%
loud
85%
Maybe
85%
maybe
85%
right
85%
stars
85%
cant
83%
light
83%
mysterious
83%
people
83%
every
82%
just
82%
on
82%
So
82%
Take
82%
take
82%
Oh
81%
oh
81%
remember
79%
same
79%
touch
79%
ways
79%
with
79%
beating
78%
now
78%
day
77%
head
77%
single
77%
sweep
77%
taste
76%
how
74%
its
74%
off
74%
hands
73%
smile
73%
'bout
72%
eyes
72%
know
71%
honey
69%
part
69%
plan
69%
memory
68%
am
67%
all
65%
mouth
65%
keep
64%
name
64%
Place
64%
place
64%
tell
64%
from
63%
into
63%
mind
63%
that
63%
That
63%
23
62%
at
62%
as
60%
play
60%
hard
59%
mistakes
59%
strings
59%
wanna
58%
could
56%
crowds
56%
evergreen
56%
grow
56%
cheeks
55%
never
55%
making
54%
'cause
53%
fades
53%
soul
53%
understand
53%
but
51%
But
51%
old
51%
you'll
51%
Hoping
49%
forever
46%
I'll
44%
gone
42%
smiles
36%
hairs
33%
mm
27%
No matching quizzes found
Score Distribution
Percent of People with Each Score
Percentile by Number Answered
Your Score History
You have not taken this quiz